000 00229nam a2200085Ia 4500
245 0 _aThe well between the worlds
100 _a Llewellyn, Sam London, 2009
_977271
942 _cBK
008 210817s9999 xx 000 0 und d
999 _c310413
_d310413